Don't Rush Through This Quiz Stats

 Plays Quiz not verified by Sporcle

Score 0/124 Timer 10:00
0 Plays Today
% Correct
a
98.1%
the
98.1%
and
98.1%
the
98.1%
the
98.1%
the
98.1%
the
98.1%
the
98.1%
the
98.1%
the
98.1%
a
98.1%
the
98.1%
a
98.1%
a
98.1%
the
98.1%
a
98.1%
and
98.1%
and
98.1%
the
98.1%
I
94.8%
I
94.8%
to
69.7%
to
69.7%
to
69.7%
to
69.7%
to
69.7%
in
69%
in
69%
in
69%
be
69%
in
69%
in
69%
on
67.7%
on
67.7%
we
67.7%
is
63.2%
for
59.4%
for
59.4%
no
58.7%
are
57.4%
who
56.1%
who
56.1%
% Correct
who
56.1%
have
51%
with
49.7%
with
49.7%
with
49.7%
some
43.2%
one
43.2%
All
43.2%
those
41.9%
those
41.9%
Those
41.9%
get
41.3%
feel,
40.6%
this
40.6%
dream
40.6%
can't
40%
up
39.4%
stage
38.7%
think
38.7%
real
38.7%
stage,
38.7%
Living
38.1%
Living
38.1%
Living
38.1%
heart
38.1%
lighted
37.4%
must
36.8%
must
36.8%
put
36.1%
limelight,
36.1%
wish
36.1%
wish
36.1%
put
36.1%
fisheye
36.1%
lens,
36.1%
long
35.5%
approaches
34.8%
unreal
34.8%
eye.
34.8%
friend.
34.8%
world's
34.2%
players,
34.2%
% Correct
aside
33.5%
each
33.5%
touch
32.9%
gilded
32.9%
cage.
32.9%
lie,
32.9%
merely
32.9%
portrayers,
32.9%
gilded
32.9%
cage.
32.9%
beyond
32.3%
universal
31.6%
fascination,
31.6%
camera
31.6%
performers
31.6%
reality
31%
relation,
31%
stranger
31%
audience
31%
act,
30.3%
underlying
30.3%
awaited
30.3%
keep
29.7%
pretend
29.7%
another's
29.7%
theme.
28.4%
caught
28.4%
insufficient
27.7%
tact,
27.7%
barriers
27.7%
oneself
27.7%
intact.
27.7%
ill-equipped
27.1%
seem.
27.1%
alienation,
27.1%
indeed
27.1%
outside
27.1%
unlikely
25.8%
role,
25.2%
Cast
23.2%

You're not logged in!

Compare scores with friends on all Sporcle quizzes.
Join for Free
OR
Log In

You Might Also Like...

Show Comments

Extras

Created Feb 20, 2011ReportNominate
Tags:Lyrics Quiz, Song Quiz, rush

Top Quizzes Today


Score Distribution

Your Account Isn't Verified!

In order to create a playlist on Sporcle, you need to verify the email address you used during registration. Go to your Sporcle Settings to finish the process.

Report this User

Report this user for behavior that violates our Community Guidelines.

Details: